| 000 | 01148nam a2200325 a 4500 | ||
|---|---|---|---|
| 001 | 000113600 | ||
| 003 | CHAP | ||
| 005 | 20220329144403.0 | ||
| 008 | 170808s2017 mx a fsm |||||||spa d | ||
| 010 | _a110061 | ||
| 011 | _a111033 | ||
| 040 | _cCHAP | ||
| 090 | _aTesis | ||
| 100 | 1 |
_aPérez Angeles, Araceli _9133047 |
|
| 245 | 1 | 0 |
_aEvaluación financiera de dos sistemas de cosecha forestal altamente macanizados / _h[En línea] _cpor Araceli Pérez Angeles. |
| 260 |
_aChapingo, Méx. : _bEl autor, _c2017. |
||
| 500 | _aPara ver el contenido del material haga clic en la liga | ||
| 502 | _aTesis (Ing. Forestal) -- UACH. División de Ciencias Forestales | ||
| 590 |
_aE6096MTM _b05 _c20170808 _lUCH01 _h1446 |
||
| 590 |
_aE6096MTM _b05 _c20170808 _lUCH01 _h1447 |
||
| 590 |
_aE6096MTM _b05 _c20170830 _lUCH01 _h0944 |
||
| 650 | 1 | 4 |
_aÁrboles _xCorte. _96582 |
| 650 | 1 | 4 |
_aBosques _xAspectos económicos. _914058 |
| 650 | 1 | 4 |
_aMaquinaria forestal. _971212 |
| 650 | 1 | 4 |
_aSistemas agrosilvopascícolas. _9106737 |
| 856 |
_aFinding aid _uhttp://10.13.5.2/tesis/sist113600.pdf _zTeclea aquí |
||
| 901 | _aBK | ||
| 942 | _cTESIS | ||
| 942 | _n0 | ||
| 999 |
_c110061 _d110061 |
||